00262nam a22000977a 4500008004100000082002100041245005100062260003600113300000900149440000600158230621b xxu||||| |||| 00| 0 eng d a328.35bIPC 1991 aInter-Parliamentary Bulletin b71st Year, 1991 bInter-Parliamentary Unionc1991 a339p n4